| 000 | 00610nam a2200253 a 4500 | ||
|---|---|---|---|
| 003 | AR-BaBNM | ||
| 005 | 20251128205048.0 | ||
| 008 | 082120s2002 ||||||||||||||000 | spa|| | ||
| 020 | _a950-04-0727-2 | ||
| 040 | _cAR-BaBNM | ||
| 100 | 1 | _aGorbachov, Mijaíl | |
| 245 | 0 | 0 |
_aPerestroika _bnuevas ideas para nuestro país y el mundo |
| 260 |
_aBuenos Aires _bEmecé _c1990 |
||
| 300 | _a300 p. | ||
| 650 | 4 | _aDEMOCRATIZACION | |
| 650 | 4 | _aDEMOCRACIA | |
| 650 | 4 | _aCOMUNISMO | |
| 650 | 4 | _aCAMBIO SOCIAL | |
| 650 | 4 | _aPOLITICA | |
| 651 | 4 | _aURSS | |
| 651 | 4 | _aRusia | |
| 942 | _cBK | ||
| 998 | _cEnrique | ||
| 999 |
_c9826 _d9826 |
||